Naša legislatíva na sklonku roku 2000
Prehľad právnych noriem z oblasti poisťovníctva. Základné zásady zákona o poisťovníctve. Výkon dozoru nad poisťovňami. Udeľovanie koncesie na podnikanie v poisťovníctve. Výkon priebežnej kontroly nad činnosťou poisťovní. Výkon disciplinárnej právomoci dozorného orgánu.
Salvato in:
| Autore principale: | |
|---|---|
| Natura: | Capitolo di libro |
| Lingua: | slovacco |
| Soggetti: | |
| Tags: |
Nessun Tag, puoi essere il primo ad aggiungerne!!
|
MARC
| LEADER | 00000naa a2200000 4500 | ||
|---|---|---|---|
| 001 | r040236 | ||
| 005 | 20230918111407.6 | ||
| 041 | 0 | |a slo | |
| 044 | |a SK | ||
| 245 | 1 | 0 | |a Naša legislatíva na sklonku roku 2000 |c Imrich Fekete |
| 520 | |a Prehľad právnych noriem z oblasti poisťovníctva. Základné zásady zákona o poisťovníctve. Výkon dozoru nad poisťovňami. Udeľovanie koncesie na podnikanie v poisťovníctve. Výkon priebežnej kontroly nad činnosťou poisťovní. Výkon disciplinárnej právomoci dozorného orgánu. | ||
| 610 | 2 | 0 | |a poisťovníctvo |
| 610 | 2 | 0 | |a legislatíva |
| 610 | 2 | 0 | |a podnikanie |
| 610 | 2 | 0 | |a kontrola |
| 610 | 2 | 0 | |a dozor |
| 610 | 2 | 0 | |a poisťovne |
| 610 | 2 | 0 | |a poisťovne komerčné |
| 610 | 2 | 0 | |a Slovensko |
| 610 | 2 | 0 | |a 2000 |
| 100 | 1 | |a Fekete, Imrich | |